000
00284nam a2200121Ia 4500
008
190216s9999||||xx |||||||||||||| ||und||
100
_a
Kakkanadan G V
245
0
_a
Ente Nagaram Oru Samarakatha
260
_b
Poorna Pubs Kozhikode
300
_a
162p
650
_a
Novel
942
_c
BK
999
_c
26079
_d
26079